Biblioteca

El dolor de la orfandad (Registro nro. 51967)

Detalles MARC
000 -LÍDER
Campo fijo de descripción fija 00882aab a2200205 i 4500
001 - NÚMERO DE CONTROL
Campo de control 768714001
003 - IDENTIFICADOR DEL NÚMERO DE CONTROL
Campo de control CO-MdFUSB
005 - FECHA Y HORA DE LA ULTIMA TRANSACCIÓN
control field 20240320114215.0
008 - ELEMENTOS DE LONGITUD FIJA -- INFORMACIÓN GENERAL
Campo fijo de descripción fija -- Información general 240315t1992 ag ||||| |||| 00| 0 spa d
040 ## - FUENTE DE CATALOGACIÓN
Idioma de catalogación spa
Agencia que realiza la transcripción CO-MdFUSB
041 ## - CÓDIGO DE IDIOMA
Código de idioma para texto/pista de sonido o título separado spa
100 1# - ASIENTO PRINCIPAL--NOMBRE PERSONAL
Nombre personal Camargo López, Jesús
Término relacionador autor
245 13 - TÍTULO
Título El dolor de la orfandad
Mención de responsabilidad / Jesús Camargo López , Carmen Pérez de Camargo
300 ## - DESCRIPCIÓN FÍSICA
Extensión Volumen 11, número 3 (julio - septiembre, 1992), páginas: 18-19
Dimensiones ; 27 cm
520 ## - NOTA DE RESUMEN, ETC.
Nota de sumario, etc. Existe un fenómeno en América Latina que no concierne solamente a individuos carentes de padres, sino a generaciones que no han tenido padre varón. Este es el fenómeno de la orfandad.
653 ## - TÉRMINO DE INDIZACIÓN - NO CONTROLADO
Término no controlado Orfandad
700 1# - ENTR. SECUNDARIA - Nombre Personal (R)
Nombre de persona Pérez de Camargo, Carmen
773 0# - ASIENTO DE ITEM FUENTE
Título Iglesia y Misión
Biblionumber 49402
Itemnumber 59656
Parte(s) relacionada(s) / Volumen., número. (mes año), páginas Volumen 11, número 3 (julio - septiembre, 1992), páginas: 18-19
Enumeración y primera página páginas: 18
942 ## - TIPO DE MATERIAL (KOHA)
Tipo de Item KOHA Artículos de Revista

No hay ítems disponibles.

Biblioteca FUSBC | Teléfono: (57+4) 349 88 10 Ext. 141| WhatsApp (+57) 3005338115 
E-mail: biblioteca@unisbc.edu.co | Calle 76 87-14 Robledo Palenque, Medellín, Colombia

Con tecnología Koha